Sports Quiz

Random Sports or World Quiz

Braves World Series Championships Quiz Stats

 Plays Quiz not verified by Sporcle

Score 0/15 Timer 03:00
0 Plays Today
Year Answer % Correct
1995Atlanta
98.5%
1995Bobby Cox
97%
1914Boston
95.5%
1995Greg Maddux
92.2%
1995Cleveland Indians
91.8%
1957Milwaukee
89.6%
1957Hank Aaron
85.9%
1957New York Yankees
80.7%
Year Answer % Correct
1957Warren Spahn
68.8%
1995Fred McGriff
66.5%
1914Philadelphia Athletics
33.8%
1957Fred Haney
7.4%
1914Dick Rudolph and Bill James
7.1%
1914George Stallings
6.7%
1914Joe Connolly
2.6%

You're not logged in!

Compare scores with friends on all Sporcle quizzes.
OR
Log In

Show Comments

Extras

Top Quizzes Today


Score Distribution

Your Account Isn't Verified!

In order to create a playlist on Sporcle, you need to verify the email address you used during registration. Go to your Sporcle Settings to finish the process.

Report this User

Report this user for behavior that violates our Community Guidelines.

Details: